[Event "Barcelona Sant Marti op-B 21st"]
[Site "Barcelona"]
[Date "2019.07.15"]
[Round "3"]
[White "Morales Gesti, Jose Narciso"]
[Black "Garcia Miralles, Eduard"]
[Result "0-1"]
[WhiteElo "1243"]
[BlackElo "1543"]
[PlyCount "64"]
[EventDate "2019.07.13"]
[EventType "swiss"]
[EventRounds "9"]
[EventCountry "ESP"]
[SourceTitle "EXT 2020"]
[Source "ChessBase"]
[SourceDate "2019.10.17"]
[SourceVersion "1"]
[SourceVersionDate "2019.10.17"]
[SourceQuality "1"]

1. e4 e6 2. d3 c5 3. Nf3 Nc6 4. Be2 Be7 5. 0-0 Nf6 6. Bg5 h6 7. Bxf6 Bxf6 8. c3 0-0 9. Nbd2 a6 10. Nc4 b5 11. Ne3 a5 12. Ng4 b4 13. Nxf6+ Qxf6 14. Qd2 d6 15. Ne1 bxc3 16. Qxc3 Nd4 17. Bd1 Rb8 18. Rb1 Ne2+ 19. Bxe2 Qxc3 20. bxc3 Rxb1 21. Nc2 Rb2 22. Bd1 Ba6 23. Ne1 Rxa2 24. c4 Rb8 25. h3 Rb1 26. Bg4 Raa1 27. Be2 Rxe1 28. Rxe1 Rxe1+ 29. Bf1 a4 30. f3 a3 31. Kf2 Rxf1+ 32. Kxf1 a2 0-1

[Event "Foment Martinenc op-C 21st"]
[Site "Barcelona"]
[Date "2019.06.15"]
[Round "8"]
[White "Morales Gesti, Jose Narciso"]
[Black "Molina Salo, Carlos"]
[Result "1-0"]
[WhiteElo "1591"]
[BlackElo "1723"]
[PlyCount "49"]
[EventDate "2019.04.27"]
[EventType "swiss"]
[EventRounds "9"]
[EventCountry "ESP"]
[SourceTitle "EXT 2020"]
[Source "ChessBase"]
[SourceDate "2019.10.17"]
[SourceVersion "1"]
[SourceVersionDate "2019.10.17"]
[SourceQuality "1"]

1. e4 c6 2. d3 d5 3. exd5 cxd5 4. Nf3 Nd7 5. g3 Ngf6 6. Bh3 e6 7. 0-0 Bd6 8. Bg5 Qb6 9. b3 0-0 10. Nbd2 Bc5 11. Qe2 h6 12. Be3 Nh7 13. Bxc5 Nxc5 14. c4 Qc6 15. cxd5 exd5 16. Bg2 Re8 17. Qd1 Nxd3 18. Ne1 Bf5 19. Nxd3 Bxd3 20. Re1 Rxe1+ 21. Qxe1 Re8 22. Qd1 Re2 23. Rc1 Qb6 24. Kh1 Rxd2 25. Qxd2 1-0

[Event "Barcelona 150 aniversity 6"]
[Site "Barcelona"]
[Date "2019.05.10"]
[Round "3.5"]
[White "Lozano Colomer, Gabriel"]
[Black "Morales Gesti, Jose Narciso"]
[Result "1-0"]
[WhiteElo "1728"]
[BlackElo "1288"]
[PlyCount "73"]
[EventDate "2019.04.26"]
[EventType "swiss"]
[EventRounds "9"]
[EventCountry "ESP"]
[SourceTitle "EXT 2024"]
[Source "ChessBase"]
[SourceDate "2023.10.10"]
[SourceVersion "1"]
[SourceVersionDate "2023.10.10"]
[SourceQuality "1"]

1. d4 e6 2. Bf4 d6 3. e3 g6 4. Nf3 Bg7 5. c4 b6 6. Be2 Nd7 7. Nc3 Bb7 8. 0-0 Ngf6 9. h3 0-0 10. b4 Bxf3 11. Bxf3 Rc8 12. Nb5 a5 13. Na7 axb4 14. Nxc8 Qxc8 15. Qb3 c5 16. Bxd6 Rd8 17. Rfd1 Ne8 18. Bh2 Nb8 19. a3 Nc6 20. axb4 Nxb4 21. Ra8 Qd7 22. dxc5 Qxd1+ 23. Bxd1 Rxa8 24. Qxb4 bxc5 25. Qd2 Ra1 26. g4 Nf6 27. Qd8+ Bf8 28. Qxf6 Rxd1+ 29. Kg2 Bg7 30. Qg5 Rc1 31. Qxc5 f6 32. Qc8+ Kf7 33. c5 Bf8 34. Qd7+ Kg8 35. Qxe6+ Kh8 36. Qxf6+ Bg7 37. Qd8+ 1-0

[Event "Barcelona La Lira op 12th"]
[Site "Barcelona"]
[Date "2019.04.11"]
[Round "2"]
[White "Morales Gesti, Jose Narciso"]
[Black "Gonzalez Muelas, Marco Antonio"]
[Result "0-1"]
[WhiteElo "1288"]
[BlackElo "1610"]
[PlyCount "64"]
[EventDate "2019.04.04"]
[EventType "swiss"]
[EventRounds "9"]
[EventCountry "ESP"]
[SourceTitle "CBM 190 Extra"]
[Source "ChessBase"]
[SourceDate "2019.07.15"]
[SourceVersion "1"]
[SourceVersionDate "2019.07.15"]
[SourceQuality "1"]

1. g3 c5 2. Bg2 d6 3. Nf3 Nf6 4. 0-0 e6 5. b3 Be7 6. Bb2 a6 7. d3 Nbd7 8. Nbd2 Qc7 9. e4 b5 10. c4 Bb7 11. Qc2 0-0 12. d4 cxd4 13. Bxd4 Rac8 14. Qd3 e5 15. Be3 Nc5 16. Bxc5 Qxc5 17. Rfe1 b4 18. Qe3 Qc6 19. Re2 h6 20. Ne1 Nd7 21. Bh3 f5 22. f3 f4 23. gxf4 exf4 24. Qd3 Ne5 25. Qc2 Rcd8 26. a3 bxa3 27. Rxa3 Qc5+ 28. Kh1 Qxa3 29. Nd3 Qa1+ 30. Re1 Qd4 31. Nxe5 dxe5 32. Rd1 Bb4 0-1